| 000 | 02389nam0a2200421 4500 | ||
|---|---|---|---|
| 001 | RU\NLR\BIBL_A\021975146 | ||
| 005 | 20231218150127.0 | ||
| 010 |
_a978-5-906619-96-9 _950 |
||
| 021 |
_aRU _bКН-П-23-034564 _9КН-П-23-3423 |
||
| 035 | _a(NLR Aleph) 021975146 | ||
| 035 | _a(RuMoRGB)011813483 | ||
| 090 |
_a12377307 _c12377307 |
||
| 100 | _a20230705d2022 k y0rusy50 ca | ||
| 101 | 0 | _arus | |
| 102 | _aRU | ||
| 105 | _ay z 100zy | ||
| 181 | 0 |
_ai _baxxe |
|
| 182 | 0 | _an | |
| 200 | 1 |
_aВклад купечества в развитие торговых городов _eXII Межрегиональные краеведческие Прокопиевские чтения _eисследования и материалы _fАдминистрация Великоустюгского муниципального района Вологодской области, Муниципальное казённое учреждение культуры "Великоустюгская межпоселенческая централизованная библиотечная система _gсоставители: О. Н. Калининская [и др.] _gредактор: Е. В. Государева |
|
| 203 |
_aТекст _bвизуальный _cнепосредственный |
||
| 210 |
_aКоряжма _cРГ "Успешная" _d2022 |
||
| 215 |
_a106 с. _d21 |
||
| 320 | _aБиблиогр. в конце ст. | ||
| 606 | 1 |
_aКупечество _jСъезды, совещания и т.п _xИстория _yВятская губерния _92549848 _3RU\NLR\AUTH\6601722097 |
|
| 675 |
_a94(47+57)(082) _v4 |
||
| 686 | 1 | _aТ3(2)5-285я431 | |
| 686 | 1 | _aТ3(2)47-291я431 | |
| 686 | 2 | _aУ42(28)1я431 | |
| 702 | 1 |
_aКалининская _bО. Н. _f1973- _gОльга Николаевна _4220 |
|
| 702 | 1 |
_aГосударева _bЕ. В. _4340 |
|
| 711 | 1 | 2 |
_aМежрегиональные краеведческие Прокопиевские чтения _d12 _eВеликий Устюг _f2022 _9855446 _3RU\NLR\AUTH\880594984 |
| 712 | 0 | 2 |
_4570 _aВеликоустюгская централизованная библиотечная система _9855440 _3RU\NLR\AUTH\880594981 |
| 942 | _cBOOK | ||
| 980 | _aNB | ||